| 000 | 00537nam a2200217Ia 4500 | ||
|---|---|---|---|
| 003 | OSt | ||
| 005 | 20230612112844.0 | ||
| 008 | 210423s2008 xx 000 0 und d | ||
| 020 | _a9781429203142 | ||
| 040 | _cAL | ||
| 041 | _aeng | ||
| 082 |
_a574.88 _223 _bLODH |
||
| 100 |
_aLODISH (Harvey);others. _999175 |
||
| 245 | _aMolecular cell biology. | ||
| 250 | _a6 | ||
| 260 |
_aNew York _bW H Freeman & Co. _c2008 |
||
| 300 |
_axxxix,1084,I-36 _bPB |
||
| 365 | _cINR | ||
| 906 | _abiology. ; cell ; Molecular | ||
| 942 |
_2ddc _cBK |
||
| 999 |
_c163711 _d163711 |
||